| 000 | nam a22 a 4500 | ||
|---|---|---|---|
| 999 |
_c390458 _d390458 |
||
| 003 | BLK | ||
| 005 | 20201022103515.0 | ||
| 008 | 201022b bu |||||r|||||00| | bu d | ||
| 040 | _aBLK | ||
| 041 |
_aRUS _cRUS |
||
| 080 |
_aИстория на Гърция (до 323 г. н. е.). Древна Гърция _b94(38) _z94(38) |
||
| 100 |
_91299 _aБойезен, Эрнст Фредерик _eпърви автор |
||
| 139 | _aБойезен, Эрнст Фредерик | ||
| 245 |
_aКраткое руководство по греческим древностям _cБойезен ; пер. со 2-го нем. изд., обраб. Эмилием Санто, К. Земберг, и. о. инспектора Одес. 2 гимназии. |
||
| 250 | _a2-е изд., пересм. | ||
| 257 | _aRUS | ||
| 260 |
_9389313 _aРига _bНиколай Киммель _c1892 |
||
| 300 |
_aVIII, 279 с. _c22 см |
||
| 380 | _a9 | ||
| 490 |
_9435080 _aКолекция Редки и ценни издания |
||
| 650 | 0 |
_9244549 _aДревна Гърция - история |
|
| 852 |
_aРр 892 _bРц |
||
| 942 |
_cKNG _n0 _s1 |
||
| 944 |
_c2020-10-22 _kВК |
||